000 00854nam a2200253Ia 4500
003 OSt
005 20221005112758.0
006 a|||||r|||| 00| 0
007 ta
008 221004b |||||||| |||| 00| 0 pan d
020 _a8182990998 (hbk)
_c125
024 _a93836
037 _b72870, 31/12/2008, Arsee Publishers
_cTextual
040 _aCRL
_cCRL
_bpan
041 _2pan
_apan
082 _aO153,1NBIRx, P7
100 _aਬੀਰ, ਬੀ ਐਮ
245 0 _aਚਹੁੰ ਕੁੰਟੀ੍ਵ ਗੁਟਰਗੂੰ
260 _aਦਿੱਲੀ
_bਆਰਸੀ ਪਬਲਿਰਗ਼ ਭਾਰਤ
_c2007
300 _a96ਪੰ
_ccm.
650 _aਪੰਜਾਬੀ ਸਾਹਿਤ
942 _hO153,1NBIRx, P7
_cTEXL
_2cc
999 _c1025935
_d1025935